000 00698nam a2200193 4500
001 138090
003 ES-MaACL
005 20230906195512.0
007 t|
008 070214s1976 sp r ||||1| spa d
100 1 _aSánchez Ortega, María Helena.
_9102820
245 1 0 _aDocumentación selecta sobre la situación de los gitanos españoles en el siglo XVIII /
_cMaría Helena Sánchez Ortega.
260 _aMadrid :
_bEd. Nacional,
_c1976.
300 _a268 p. ;
_c20 cm.
490 1 _aBiblioteca de visionarios, heterodoxos y marginados ;
_v14
830 0 _aBiblioteca de visionarios, heterodoxos y marginados ;
_v14
_9181090
852 _aES-MaACL
_jA-7160
_bR.95549
999 _c138090
_d138090